000 00468nab a2200145Ia 4500
003 ES-SlBCS
005 20210601143635.0
008 140529s1997 xxu||||| |||| 00| 0 spa d
041 _aspa
100 1 _aAstigarraga, María del Carmen
_979678
245 0 0 _aLa crítica de Husserl al cogito cartesiano
_c María del Carmen Astigarraga
600 1 _aHusserl, Edmund-Descartes
_9155777
773 0 _tPaideia
_gvol. 18, nº. 41, 1997, págs. 453-466
_wRev1318
942 _cAR
999 _c695455
_d695455